Messages codés #1 - Statistiques

Statistiques générales
  • Ce quiz a été pris 60 fois
  • Le résultat moyen est 5 sur 15
Statistiques - réponses
Code Genre Film/Saga/Dessin animé % Correct
53 73446387 337 2663289 S Le Seigneur des Anneaux
78%
42779 768837 S Harry Potter
54%
537 33687 33 52 637 F Les Dents de la Mer
50%
3677378 4867 F Forrest Gump
48%
2523346 DA Aladdin
44%
7827 9277 S Star Wars
44%
869 78679 DA Toy Story
30%
7472837 337 22724237 S Pirates des Caraïbes
24%
827926 DA Tarzan
24%
58727742 7275 S Jurassic Park
22%
72828684553 DA Ratatouille
20%
89454448 S Twilight
20%
7857 3428466 F Pulp Fiction
18%
34448 2582 F Fight Club
12%
468682422537 F Intouchables
10%
Aucun quiz correspondant
Distribution des résultats
% des personnes avec chaque résultat
Percentile par nombre de réponses
Votre historique - résultats
Vous n’avez pas pris ce quiz